| 000 | 01221nac a22003371i 4500 | ||
|---|---|---|---|
| 003 | EG-ScBUE | ||
| 005 | 20250529084549.0 | ||
| 008 | 250313t2007 njua af b 001 0 eng d | ||
| 020 | _a013188090X | ||
| 020 | _a9780131880900 | ||
| 035 | _a(OCoLC)ocm61684269 | ||
| 040 |
_aEG-ScBUE _beng _erda _cEG-ScBUE _dEG-ScBUE |
||
| 082 | 0 | 4 |
_a519.5 _bNEW _222 |
| 100 | 1 |
_aNewbold, Paul, _eauthor. |
|
| 245 | 1 | 0 |
_aStatistics for business and economics / _cPaul Newbold, University of Nottingham, William L. Carlson, St. Olaf College, Betty M. Thorne, Stetson University. |
| 250 | _aSixth edition. | ||
| 264 | 1 |
_aUpper Saddle River, New Jersey : _bPearson-Prentice Hall, _c[2007] |
|
| 264 | 4 | _cc2007 | |
| 300 |
_axxii, 984, 8 pages : _billustrations ; _c29 cm |
||
| 336 |
_2rdacontent _atext _btxt |
||
| 337 |
_aunmediated _2rdamedia _bn |
||
| 338 |
_avolume _bnc _2rdacarrier |
||
| 504 | _aIncludes bibliographical references and index. | ||
| 650 | 7 |
_aCommercial statistics. _2BUEsh |
|
| 650 | 7 |
_aEconomics _xStatistical methods. _2BUEsh |
|
| 650 | 7 |
_aStatistics. _2BUEsh |
|
| 655 | _vReading book | ||
| 700 | 1 |
_aCarlson, William L. _q(William Lee), _d1938- _eauthor. |
|
| 700 | 1 |
_aThorne, Betty, _eauthor. |
|
| 942 |
_cBB _2ddc |
||
| 999 |
_c8771 _d8771 |
||